00761nam a2200193Ia 4500008004100000020001500041082002200056100003500078240002600113245008500139250001800224260004100242300003500283504002700318505016200345650001400507650001400521700003200535120622s2000 mx a 000 0 spa d a8426401058 a302.2b E19t 2000 aEco, Umbertod1932-2016eautor aA Theroy of Semiotics aTratado de semiótica general c / Umberto Eco ; traducción de Carlos Manzano a5a. Edición aBarcelona, Españab: Lumenc, 2000 a461 páginasb: ilustraciones aBibliografía p. 427  aHacia una lógica de la cultura Significación y comunicación Teoría de los Códigos Teoría de la producción de signos El sujeto de la semiótica14aSEMIOTICA24aSIMBOLOS  aManzano, Carlos etraductor